President republiky Dr. Edvard Beneš československému studentstvu roku 1938

Bibliographic Details
Main Author: Beneš, Edvard, 1884-1948 (Author)
Format: Book
Language:Czech
PhysicalDescription:24 s. 8°
Published: Praha Akademický Dom - Ústřední svaz čsl. studenstva 1938
Series:Edice živých slov

MARC

LEADER 00000nam a2200000 a 4500
001 vtls001263573
003 SK-MaSNL
005 20260301234534.0
008 251113s1938 xr 0 cze
035 |a SNK000214480 
040 |a SNK  |b slo  |c SNK  |e AACR2 
044 |a xr  |c CZ 
100 1 |a Beneš, Edvard,  |d 1884-1948  |4 aut  |9 110633 
245 1 |a President republiky Dr. Edvard Beneš československému studentstvu roku 1938  |c Edvard Beneš 
260 |a Praha  |b Akademický Dom - Ústřední svaz čsl. studenstva  |c 1938 
300 |a 24 s.  |c 8° 
490 1 |a Edice živých slov  |v sv. 2 
830 0 |a Edice živých slov  |9 630702 
999 |c 970487  |d 972417 
952 |t P60, <03>, [BOOK], {603}  |a SNK  |b SNK  |y PREZ  |7 0  |p 17A0930585  |o snkSC 70063/p  |i snkD 3102/87  |0 0  |1 0  |4 0  |d 1996-10-16  |l 0  |r 2025-07-18 00:00:00  |w 2026-02-24